Detalles MARC
| 000 -LEADER |
| fixed length control field |
05044nam a2200409Ii 4500 |
| 001 - CONTROL NUMBER |
| control field |
DIGSCR0095 |
| 003 - CONTROL NUMBER IDENTIFIER |
| control field |
NyNyDIG |
| 006 - FIXED-LENGTH DATA ELEMENTS--ADDITIONAL MATERIAL CHARACTERISTICS |
| fixed length control field |
m o d |
| 007 - PHYSICAL DESCRIPTION FIXED FIELD--GENERAL INFORMATION |
| fixed length control field |
cr ||||||||||| |
| 008 - FIXED-LENGTH DATA ELEMENTS--GENERAL INFORMATION |
| fixed length control field |
100625s1994 mdu ob 000 0 spa d |
| 020 ## - INTERNATIONAL STANDARD BOOK NUMBER |
| Canceled/invalid ISBN |
1882528107 |
| 020 ## - INTERNATIONAL STANDARD BOOK NUMBER |
| Canceled/invalid ISBN |
9781882528103 |
| 035 ## - SYSTEM CONTROL NUMBER |
| System control number |
(OCoLC)988863484 |
| 040 ## - CATALOGING SOURCE |
| Original cataloging agency |
DGITA |
| Language of cataloging |
eng |
| Description conventions |
pn |
| Transcribing agency |
DGITA |
| 043 ## - GEOGRAPHIC AREA CODE |
| Geographic area code |
s------ |
| 050 14 - LIBRARY OF CONGRESS CALL NUMBER |
| Classification number |
F1408.3 eBook |
| 245 03 - TITLE STATEMENT |
| Title |
El Impacto del humanismo en el nuevo mundo / |
| Statement of responsibility, etc. |
Aida E. Trau. |
| 264 #1 - PRODUCTION, PUBLICATION, DISTRIBUTION, MANUFACTURE, AND COPYRIGHT NOTICE |
| Place of production, publication, distribution, manufacture |
Potomac, Md., U.S.A. : |
| Name of producer, publisher, distributor, manufacturer |
Scripta Humanistica, |
| Date of production, publication, distribution, manufacture, or copyright notice |
1994. |
| 300 ## - PHYSICAL DESCRIPTION |
| Extent |
1 online resource (vi, 307 pages) |
| 336 ## - CONTENT TYPE |
| Content type term |
text |
| Content type code |
txt |
| Source |
rdacontent |
| 337 ## - MEDIA TYPE |
| Media type term |
computer |
| Media type code |
c |
| Source |
rdamedia |
| 338 ## - CARRIER TYPE |
| Carrier type term |
online resource |
| Carrier type code |
cr |
| Source |
rdacarrier |
| 490 1# - SERIES STATEMENT |
| Series statement |
Scripta humanistica ; |
| Volume/sequential designation |
115. |
| 504 ## - BIBLIOGRAPHY, ETC. NOTE |
| Bibliography, etc. note |
Includes bibliographical references. |
| 505 0# - FORMATTED CONTENTS NOTE |
| Formatted contents note |
Preámbulo / Isabel M. Ruscalleda Bercedoniz - Discurso: "El Impacto del Humanismo en el Nuevo Mundo" / Benjamin Rodriguez Mercado -- Prólogo / Bruno M. Damiani -- Los mitos de Cristóbal Colon / Juan Bautista de Avalle-Arce -- El Escolasticismo: un puente entre la antigüedad clásica y el pensamiento colonial latinoamericano / Jorge E. Gracia -- Vasco de Quiroga, Educador de Adultos / Francisco Miranda -- Historiografía colonial y la episteme occidental moderna. Una aproximaci6n a la etnografía franciscana, Oviedo y Las Casas / José Rabasa -- Contra la pedagogía del olvido. "Alabanza en la Torre de Ciales": Areyto memorioso de la patria / Agosto Otero, Milagros -- Ética y Teología en el discurso descolonizador de Pedro Albizu Campos / Collazo Torres, Luis G. -- Apuntes en torno a la posibilidad de un discurso post-colonial: Inventing America; Spanish Historiography and the Formation of Eurocentrism de José Rabasa / Córdova Phelps, Andrés -- Las dos orillas: La lengua y la Libido. Dos discursos convergentes del poder / Gamallo Sotolongo, Leonardo -- Características renacentistas representadas en la figura de Cristóbal Colón / González Mercado, Nelson R. -- El "discurso" colonialista en las memorias de Fray Damián López de Haro / González Vélez, Pedro A. -- La influencia de la iglesia en la fundación del poblado San Antonio de la Tuna (Isabela) / Hernández Torres, Jesús -- Elementos religiosos en el Diario de a bordo de Crist6bal Colon / Irizarry Pérez, Josefina -- Fray Bartolome de las Casas: El impacto de su lucha en pro de la evangelización y de los derechos de las indias / López Iturrino, Miriam I. -- La aproximación subjetiva al pasado / López Sánchez, Cesar -- El cabildo como base del gobierno español en América / Nieves Méndez, Antonio -- El hiperbolísmo de Fray Bartolomé de las Casas / Palomares Blázquez, Lorenzo -- Utopía es América / Recio Ferreras, Eloy -- El discurso de Juan Ginés de Sepúlveda: Una apología de la conquista del amerindio / Rivera González, Anthony -- El conocimiento hist6rico. Apuntes sobre Philosophy and its History de Jorge Gracia / Sánchez Álvarez-Castellanos, Juan José -- Una llegada sin regreso, una muerte en vida / Santiago Benios, Josué -- El forasterísmo en la cuentística de José Maria Arguedas / Soltero Cruz, Ramón A. -- Las Casas y Sepúlveda: Dos caras antinómicas de un mismo proyecto colonizador / Trinidad Hernández, Ángel M. -- El conquistador: Héroe mítico en Isla Cerrera de Manuel M6ndez Ballester / Valle de Jesús, José A. -- Influencia humanística en las doctrinas de Bartolomé de Las Casas en relación con su trato de los indios / Bonilla Torres, Luz D. El impacto del humanismo en la administración / Castro Gracia, Jaime -- Puerto Rico en el discurso de Fray Damian López de Haro y Diego de Torres Vargas / Echevarría Echevarria, Evelyn -- Quetzalcoatl y Guadalupe. La formación de la conciencia nacional mexicana 1531-1813 / Jusino Cancel, Francisco: -- Francisco Robelais, eminente humanista francés / Martínez Morante, Celestino -- El imperio español beneficio de Las Casas y el señorío indígena español / Mercado Martínez, Damans -- Cuatro esferas de dialogo entre marxismo y cristianismo / Montes Perales, Héctor -- La araucana de Alonso de Ercilla y Zuñiga / Pino Marinas, Teresa -- La Real Cedula de Gracias del 10 de agosto de 1815: ¿Auge socioecon6mico o inicio de diferencias entre criollos y extranjeros? / Ramos Román, Pastor -- Discurso y contradiscurso / Rivera Ramos, Wilson -- Legado del pintor puertorriqueno José Campeche / Mendez Marchany, Sadot -- Requiem al descubridor / Torres Cintrón, Victor. |
| 650 #0 - SUBJECT ADDED ENTRY--TOPICAL TERM |
| Topical term or geographic name entry element |
Humanism |
| Geographic subdivision |
Latin America. |
| 651 #0 - SUBJECT ADDED ENTRY--GEOGRAPHIC NAME |
| Geographic name |
Latin America |
| General subdivision |
Intellectual life. |
| 655 #0 - INDEX TERM--GENRE/FORM |
| Genre/form data or focus term |
Electronic books. |
| 700 1# - ADDED ENTRY--PERSONAL NAME |
| Personal name |
Ruscalleda, Isabel M. |
| 710 2# - ADDED ENTRY--CORPORATE NAME |
| Corporate name or jurisdiction name as entry element |
Inter American University of Puerto Rico. |
| 791 2# - |
| -- |
Digitalia (Firm), |
| -- |
distributor. |
| 793 0# - |
| -- |
Digitalia eBook Collection: |
| -- |
Scripta Humanistica. |
| 830 #0 - SERIES ADDED ENTRY--UNIFORM TITLE |
| Uniform title |
Scripta Humanistica (Series) ; |
| Volume/sequential designation |
115. |
| 856 40 - ELECTRONIC LOCATION AND ACCESS |
| Materials specified |
Digitalia Hispánica |
| Uniform Resource Identifier |
<a href="https://www.digitaliapublishing.com/a/214/">https://www.digitaliapublishing.com/a/214/</a> |
| 910 ## - USER-OPTION DATA (OCLC) |
| User-option data |
Premium Collection: 2007-2012 |
| 942 ## - ADDED ENTRY ELEMENTS (KOHA) |
| Koha item type |
Recurso Electrónico |